000 00554nam a2200205 i 4500
001 bgj
100 1 _aHAUPTMANN, Gerhart.
245 1 0 _aDie Weber :
_bSchauspiel /
_cGerhart Hauptamnn.
260 _aBerlin ;
_aFrankfurt/M ;
_aWien :
_bIm Propyläen Verlag,
_c[1962].
300 _a87 s. ;
_c18 cm.
490 1 _aPropyläen-Textausgaben
650 9 _aDramat niemiecki
830 _aPropyläen-Textausgaben
040 _cBPK
041 0 _ager
044 _aDEU
080 _a821.112.2-2
942 _cKS
008 s gw f |000 0 ger
999 _c50575
_d50575
856 _uhttp://koha.tu.koszalin.pl/cgi-bin/koha/opac-detail.pl?biblionumber=50575
_yKatalog online BPK